000 00710nam a2200217 a 4500
005 20140310183455.0
008 090803s19uu xx 00 eng d
020 _a0071473874
050 _aHC 29
_b.G77 2006
100 _aGschwandtner, Gerhard
245 _aEverything i know about sales success :
_bthe wealth's greatest business minds reveal their winning secrets.
260 _aNew York :
_bMcGraw Hill,
_c2006.
300 _a224 p. :
_bill. ;
_c24 cm.
521 _aBSBA
650 _aBusiness people
_xBiography.
650 _aChief executive officers
_xAttitudes.
650 _aExecutive ability
_xCase studies.
650 _aLeadership
_xcase studies.
942 _cBK
_2lcc
_kFOR
999 _c23558
_d23558